[Event "España ch Universitario 2007"]
[Site "Cartagena ESP"]
[Date "2007.05.08"]
[Round "4.20"]
[White "Piay Augusto, Diego"]
[Black "Carreras Solana, Fernando"]
[Result "1-0"]
[WhiteElo "2251"]
[BlackElo "2132"]
[PlyCount "43"]
[EventDate "2007.05.06"]
[EventType "swiss"]
[EventRounds "9"]
[EventCountry "ESP"]
[Source "lmi"]
[SourceDate "2007.05.06"]

1. e4 d5 2. exd5 Qxd5 3. Nf3 Bg4 4. Be2 Nf6 5. d4 e6 6. c4 Qd8 7. Qb3 Qc8 8. h3
Bh5 9. Bg5 Nbd7 10. Nc3 c6 11. O-O Bd6 12. d5 exd5 13. cxd5 O-O 14. dxc6 bxc6
15. Rfd1 Rb8 16. Qc2 Qc7 17. Qd2 Bxf3 18. Bxf3 Be5 19. Rac1 Rfc8 20. Na4 c5 21.
Bxf6 Nxf6 22. Rxc5 1-0

[Event "España ch Universitario 2007"]
[Site "Cartagena ESP"]
[Date "2007.05.08"]
[Round "4.21"]
[White "Salas Romero, Santiago"]
[Black "Dougan Maho, Harold"]
[Result "1/2-1/2"]
[WhiteElo "2136"]
[BlackElo "2232"]
[PlyCount "52"]
[EventDate "2007.05.06"]
[EventType "swiss"]
[EventRounds "9"]
[EventCountry "ESP"]
[Source "lmi"]
[SourceDate "2007.05.06"]

1. Nf3 Nf6 2. c4 e6 3. Nc3 d5 4. d4 c5 5. cxd5 exd5 6. g3 Nc6 7. Bg2 Bg4 8. Be3
Qb6 9. Na4 Qa5+ 10. Bd2 Qb5 11. Nxc5 Bxf3 12. Bxf3 Nxd4 13. Nb3 Nxf3+ 14. exf3
Kd7 15. Qe2 Re8 16. Be3 Bb4+ 17. Kf1 Qxe2+ 18. Kxe2 b6 19. Kd3 Re5 20. Rac1 Rc8
21. Rxc8 Kxc8 22. Rc1+ Kb7 23. Bf4 Re7 24. Bg5 Re6 25. Nd4 Re8 26. Bxf6 gxf6
1/2-1/2

[Event "España ch Universitario 2007"]
[Site "Cartagena ESP"]
[Date "2007.05.08"]
[Round "4.22"]
[White "Paredes Sanchez, Juan"]
[Black "Jimenez Lopez, Antonio"]
[Result "1-0"]
[WhiteElo "2215"]
[BlackElo "2131"]
[PlyCount "71"]
[EventDate "2007.05.06"]
[EventType "swiss"]
[EventRounds "9"]
[EventCountry "ESP"]
[Source "lmi"]
[SourceDate "2007.05.06"]

1. e4 c5 2. Nf3 e6 3. d4 cxd4 4. Nxd4 Nf6 5. Nc3 Nc6 6. Be2 Bb4 7. O-O O-O 8.
Nxc6 bxc6 9. e5 Nd5 10. Ne4 f5 11. Nd6 Qb6 12. c4 Bxd6 13. exd6 Nf6 14. b3 c5
15. Be3 a5 16. Bf3 Rb8 17. Qd2 Ba6 18. Rab1 Rfc8 19. Qc3 Qb4 20. Qe5 Bxc4 21.
Rfd1 a4 22. Qg3 Kf7 23. Bg5 Nd5 24. Qh4 h6 25. Bxh6 Rh8 26. Bxd5 Rxh6 27. Qe7+
Kg8 28. Bxc4 Qb7 29. Rd3 Qe4 30. Rf1 f4 31. Qxd7 Rf8 32. Qe7 f3 33. Qxf8+ Kxf8
34. d7 Qe5 35. d8=Q+ Kf7 36. Rxf3+ 1-0

[Event "España ch Universitario 2007"]
[Site "Cartagena ESP"]
[Date "2007.05.08"]
[Round "4.23"]
[White "Pazos Porta, Antonio"]
[Black "Paredes Cordo, Jacobo Borja"]
[Result "1/2-1/2"]
[WhiteElo "2129"]
[BlackElo "2211"]
[PlyCount "40"]
[EventDate "2007.05.06"]
[EventType "swiss"]
[EventRounds "9"]
[EventCountry "ESP"]
[Source "lmi"]
[SourceDate "2007.05.06"]

1. Nc3 Nc6 2. e4 e5 3. g3 g6 4. Bg2 Bg7 5. d3 Nge7 6. f4 d6 7. Nf3 O-O 8. O-O
exf4 9. gxf4 f5 10. Be3 d5 11. exd5 Nxd5 12. Nxd5 Qxd5 13. Ne5 Qe6 14. c4 Kh8
15. Bd5 Qe7 16. d4 Nxe5 17. dxe5 c6 18. Bg2 Be6 19. Qc2 Rad8 20. Rad1 Qb4
1/2-1/2

[Event "España ch Universitario 2007"]
[Site "Cartagena ESP"]
[Date "2007.05.08"]
[Round "4.24"]
[White "Tamayo Romay, Francisco Javier"]
[Black "Vilanova Corbi, Jorge"]
[Result "1-0"]
[WhiteElo "2210"]
[BlackElo "2125"]
[PlyCount "41"]
[EventDate "2007.05.06"]
[EventType "swiss"]
[EventRounds "9"]
[EventCountry "ESP"]
[Source "lmi"]
[SourceDate "2007.05.06"]

1. e4 e6 2. d4 d5 3. e5 c5 4. c3 Bd7 5. Nf3 Nc6 6. Bd3 Rc8 7. dxc5 Bxc5 8. O-O
Nge7 9. Bf4 Ng6 10. Bg3 f5 11. exf6 Qxf6 12. c4 dxc4 13. Bxc4 Nd4 14. Nbd2 O-O
15. Ne4 Nxf3+ 16. gxf3 Qxf3 17. Qxd7 Qxe4 18. Qxe6+ Qxe6 19. Bxe6+ Kh8 20. Bxc8
Rxc8 21. Rac1 1-0

[Event "España ch Universitario 2007"]
[Site "Cartagena ESP"]
[Date "2007.05.08"]
[Round "4.25"]
[White "Perez Mauricio, Xoel"]
[Black "Aymerich Rosell, Pablo"]
[Result "1/2-1/2"]
[WhiteElo "2120"]
[BlackElo "2208"]
[PlyCount "90"]
[EventDate "2007.05.06"]
[EventType "swiss"]
[EventRounds "9"]
[EventCountry "ESP"]
[Source "lmi"]
[SourceDate "2007.05.06"]

1. Nf3 d5 2. d4 Nf6 3. c4 c6 4. e3 a6 5. Nbd2 e6 6. Bd3 c5 7. O-O Nc6 8. dxc5
Bxc5 9. a3 O-O 10. b4 Ba7 11. Bb2 Re8 12. cxd5 exd5 13. h3 Ne4 14. Nb3 Qd6 15.
Bxe4 Rxe4 16. Nbd4 Bd7 17. Ne2 Ree8 18. Qd3 Rad8 19. Rad1 Qh6 20. Ng3 Ne7 21.
Nd4 Qg5 22. Nf3 Qh6 23. Nd4 Bb8 24. f4 Ba7 25. Kh2 f6 26. Rfe1 Qg6 27. Qxg6
Nxg6 28. Ngf5 Ba4 29. Rc1 Bb8 30. Kg1 Nf8 31. Kf2 Ne6 32. Nxe6 Rxe6 33. Nd4
Ree8 34. Rc5 Ba7 35. Rc7 Rd7 36. Rxd7 Bxd7 37. Rc1 Bb6 38. Rd1 Rc8 39. Rc1 Rc4
40. Rxc4 dxc4 41. e4 Bc7 42. Ne2 b5 43. Bd4 Kf7 44. Ke3 a5 45. Bc5 axb4 1/2-1/2

[Event "España ch Universitario 2007"]
[Site "Cartagena ESP"]
[Date "2007.05.08"]
[Round "4.26"]
[White "Fernandez Barrera, Victor"]
[Black "Lopez Rodriguez, Walter"]
[Result "1-0"]
[WhiteElo "2202"]
[BlackElo "2111"]
[PlyCount "61"]
[EventDate "2007.05.06"]
[EventType "swiss"]
[EventRounds "9"]
[EventCountry "ESP"]
[Source "lmi"]
[SourceDate "2007.05.06"]

1. e4 c5 2. Nf3 e6 3. d4 cxd4 4. Nxd4 a6 5. Bd3 Nc6 6. Nxc6 dxc6 7. O-O e5 8.
f4 Nf6 9. f5 Bc5+ 10. Kh1 Qe7 11. a4 Bd7 12. Qe2 h5 13. Bg5 h4 14. h3 Bd4 15.
Nd2 Nh5 16. Bxe7 Ng3+ 17. Kh2 Nxe2 18. f6 Ng3 19. Rf3 g5 20. Nc4 Be6 21. c3 Ba7
22. Nd6+ Kd7 23. Rd1 Kc7 24. Bc4 g4 25. Rfd3 Nxe4 26. Nxe4 g3+ 27. Kh1 Bxc4 28.
Rd7+ Kb6 29. Nd6 Be6 30. Rxb7+ Ka5 31. Ra1 1-0

[Event "España ch Universitario 2007"]
[Site "Cartagena ESP"]
[Date "2007.05.08"]
[Round "4.28"]
[White "Cabrero De Cabo, Miguel Angel"]
[Black "Peñalosa Pinillas, Jesus"]
[Result "0-1"]
[WhiteElo "2102"]
[BlackElo "2201"]
[PlyCount "88"]
[EventDate "2007.05.06"]
[EventType "swiss"]
[EventRounds "9"]
[EventCountry "ESP"]
[Source "lmi"]
[SourceDate "2007.05.06"]

1. e4 c5 2. Nc3 Nc6 3. g3 g6 4. Bg2 Bg7 5. d3 d6 6. f4 e6 7. Nf3 Nge7 8. O-O
O-O 9. Be3 Rb8 10. Qd2 Nd4 11. Nh4 f5 12. Nd1 b5 13. c3 Ndc6 14. Nf2 b4 15. e5
Nd5 16. d4 bxc3 17. bxc3 cxd4 18. cxd4 Na5 19. Rfc1 Ba6 20. Bf1 Bxf1 21. Kxf1
Rf7 22. Nf3 Rfb7 23. Nd3 Bf8 24. Bf2 Nb4 25. Rab1 d5 26. Nc5 Bxc5 27. dxc5 Nbc6
28. Rxb7 Rxb7 29. Nd4 Nxd4 30. Qxd4 Nc6 31. Qa4 Qd7 32. Qa3 d4 33. Rd1 Qd5 34.
Kg1 Rd7 35. Rd3 Kg7 36. Qb3 Kf7 37. Qb5 Ke7 38. a3 Qe4 39. Qc4 h5 40. Qc2 Rb7
41. Qd1 Rb2 42. Rb3 Qc2 43. Rb7+ Kd8 44. Qxc2 Rxc2 0-1

[Event "España ch Universitario 2007"]
[Site "Cartagena ESP"]
[Date "2007.05.08"]
[Round "4.30"]
[White "Garcia Tejera, Daniel"]
[Black "Cruz Alvarez de Ron, Dan"]
[Result "0-1"]
[WhiteElo "2089"]
[BlackElo "2194"]
[PlyCount "46"]
[EventDate "2007.05.06"]
[EventType "swiss"]
[EventRounds "9"]
[EventCountry "ESP"]
[Source "lmi"]
[SourceDate "2007.05.06"]

1. c4 Nf6 2. g3 g6 3. Bg2 Bg7 4. d3 O-O 5. e4 c6 6. Nc3 d6 7. Nge2 a6 8. h3 e5
9. Be3 b5 10. Qd2 b4 11. Nd1 a5 12. O-O d5 13. cxd5 cxd5 14. exd5 Nxd5 15. d4
Nxe3 16. fxe3 Ra7 17. d5 Bh6 18. Qc2 Qb6 19. Kh2 Rc7 20. Qb3 Ba6 21. Re1 Bc4
22. Qa4 Na6 23. Ng1 Bb5 0-1

[Event "España ch Universitario 2007"]
[Site "Cartagena ESP"]
[Date "2007.05.08"]
[Round "4.31"]
[White "Martinez Lozano, Miguel Angel"]
[Black "Davo Torres, Enrique"]
[Result "1-0"]
[WhiteElo "2194"]
[BlackElo "2033"]
[PlyCount "133"]
[EventDate "2007.05.06"]
[EventType "swiss"]
[EventRounds "9"]
[EventCountry "ESP"]
[Source "lmi"]
[SourceDate "2007.05.06"]

1. e4 c5 2. Nf3 d6 3. d4 cxd4 4. Nxd4 Nc6 5. Nc3 g6 6. Be3 Bg7 7. Bc4 Nf6 8. f3
Bd7 9. Qd2 Rc8 10. Bb3 Na5 11. O-O-O Nc4 12. Bxc4 Rxc4 13. Kb1 a6 14. g4 b5 15.
g5 Nh5 16. Nde2 Be6 17. Bd4 Bxd4 18. Nxd4 Qc8 19. Nd5 Bxd5 20. exd5 O-O 21.
Rhe1 Re8 22. Re4 Ng7 23. Rde1 Kf8 24. Qe2 Qd7 25. f4 Nf5 26. Nxf5 Rxe4 27. Qxe4
Qxf5 28. Qxf5 gxf5 29. Re3 Rc8 30. b3 Rc5 31. Rd3 Kg7 32. Kb2 Kg6 33. c3 Kh5
34. h3 Kg6 35. Rd4 Kg7 36. b4 Rc7 37. Kb3 Kf8 38. c4 Ke8 39. a4 Rb7 40. axb5
axb5 41. cxb5 Rxb5 42. Ka4 Rb7 43. Ka5 Ra7+ 44. Kb6 Ra3 45. h4 Kd7 46. Rc4 Rd3
47. b5 Rxd5 48. Ka6 Rd1 49. b6 Ra1+ 50. Kb7 d5 51. Rc7+ Kd8 52. Rc8+ Kd7 53.
Ra8 Rc1 54. Ra5 e6 55. Ka7 Rb1 56. b7 Kc7 57. Rc5+ Kd6 58. Rc8 Ra1+ 59. Kb8 Rb1
60. Rc7 d4 61. Kc8 Kd5 62. b8=Q Rxb8+ 63. Kxb8 d3 64. Rxf7 Ke4 65. h5 d2 66.
Rd7 Kxf4 67. g6 1-0

[Event "España ch Universitario 2007"]
[Site "Cartagena ESP"]
[Date "2007.05.08"]
[Round "4.32"]
[White "Mestres Cochs, Joan"]
[Black "Rosa Cintas, Raul"]
[Result "0-1"]
[WhiteElo "2082"]
[BlackElo "2192"]
[PlyCount "28"]
[EventDate "2007.05.06"]
[EventType "swiss"]
[EventRounds "9"]
[EventCountry "ESP"]
[Source "lmi"]
[SourceDate "2007.05.06"]

1. e4 Nf6 2. e5 Nd5 3. d4 d6 4. c4 Nb6 5. f4 dxe5 6. fxe5 c5 7. d5 e6 8. Nc3
exd5 9. cxd5 c4 10. Be3 Bb4 11. Qf3 Bxc3+ 12. bxc3 Nxd5 13. Rd1 Be6 14. Bxc4
Qh4+ 0-1

[Event "España ch Universitario 2007"]
[Site "Cartagena ESP"]
[Date "2007.05.08"]
[Round "4.33"]
[White "Medina Menendez, Eduardo Matias"]
[Black "Prol Nogueira, Iago"]
[Result "0-1"]
[WhiteElo "2049"]
[BlackElo "2183"]
[PlyCount "50"]
[EventDate "2007.05.06"]
[EventType "swiss"]
[EventRounds "9"]
[EventCountry "ESP"]
[Source "lmi"]
[SourceDate "2007.05.06"]

1. e4 c5 2. Nf3 e6 3. d4 cxd4 4. Nxd4 a6 5. Nc3 b5 6. a4 b4 7. Na2 Bb7 8. Bd3
Nf6 9. Qe2 Qb6 10. Nb3 Qc7 11. O-O Nc6 12. Bg5 Bd6 13. h3 h6 14. Bd2 a5 15. f4
Be7 16. Kh1 h5 17. c3 h4 18. e5 Nh5 19. Be1 g5 20. fxg5 Nxe5 21. g6 fxg6 22.
Be4 Ba6 23. Qc2 Bxf1 24. Bxa8 Bd3 25. Qd2 O-O 0-1

[Event "España ch Universitario 2007"]
[Site "Cartagena ESP"]
[Date "2007.05.08"]
[Round "4.59"]
[White "De Dios Ortega, Juan Manuel"]
[Black "Engo Pardo, Javier"]
[Result "1-0"]
[WhiteElo "1895"]
[BlackElo "2072"]
[PlyCount "41"]
[EventDate "2007.05.06"]
[EventType "swiss"]
[EventRounds "9"]
[EventCountry "ESP"]
[Source "lmi"]
[SourceDate "2007.05.06"]

1. e4 d6 2. d4 Nf6 3. Nc3 g6 4. f4 Bg7 5. e5 dxe5 6. dxe5 Qxd1+ 7. Kxd1 Nh5 8.
Nd5 Bg4+ 9. Be2 Na6 10. Bxg4 Rd8 11. Bf3 Nb4 12. c4 e6 13. g4 exd5 14. gxh5
dxc4+ 15. Ke2 O-O 16. Bxb7 Nc2 17. Rb1 Rd3 18. Nf3 f6 19. Be4 Nd4+ 20. Kf2 fxe5
21. Bxd3 1-0

[Event "España ch Universitario 2007"]
[Site "Cartagena ESP"]
[Date "2007.05.08"]
[Round "4.63"]
[White "Codina Tormo, Julia"]
[Black "Ortiz Fernandez, David"]
[Result "1/2-1/2"]
[WhiteElo "2051"]
[BlackElo "1875"]
[PlyCount "23"]
[EventDate "2007.05.06"]
[EventType "swiss"]
[EventRounds "9"]
[EventCountry "ESP"]
[Source "lmi"]
[SourceDate "2007.05.06"]

1. e4 e6 2. d4 d5 3. Nc3 Nf6 4. e5 Nfd7 5. f4 c5 6. Nf3 Nc6 7. Be3 cxd4 8. Nxd4
Bc5 9. Nxc6 bxc6 10. Bxc5 Nxc5 11. Qd2 Qb6 12. Rb1 1/2-1/2

[Event "España ch Universitario 2007"]
[Site "Cartagena ESP"]
[Date "2007.05.08"]
[Round "4.76"]
[White "Garcia Rodriguez, Vanessa"]
[Black "Ramos Garcia, Daniel"]
[Result "1-0"]
[WhiteElo "1997"]
[BlackElo "1924"]
[PlyCount "57"]
[EventDate "2007.05.06"]
[EventType "swiss"]
[EventRounds "9"]
[EventCountry "ESP"]
[Source "lmi"]
[SourceDate "2007.05.06"]

1. e4 e5 2. Nf3 Nc6 3. d4 exd4 4. Nxd4 Ne5 5. Nc3 d6 6. Be2 Nf6 7. Bg5 Be7 8.
Qd2 h6 9. Be3 Bg4 10. f3 Be6 11. O-O-O Bc4 12. Nf5 Bxe2 13. Qxe2 g6 14. Nxh6
Qd7 15. h3 O-O-O 16. f4 Nc6 17. Nxf7 Qe6 18. Nxh8 Rxh8 19. Bd4 Rf8 20. Rhf1 Nh5
21. f5 Nxd4 22. Qxh5 Qc4 23. Qg4 Kb8 24. Rfe1 gxf5 25. exf5 Bf6 26. Qe4 a6 27.
g4 b5 28. Qd3 Qc5 29. Ne4 1-0

[Event "España ch Universitario 2007"]
[Site "Cartagena ESP"]
[Date "2007.05.08"]
[Round "5.1"]
[White "Trent, Lawrence"]
[Black "Andres Gonzalez, Ivan"]
[Result "1/2-1/2"]
[WhiteElo "2453"]
[BlackElo "2372"]
[PlyCount "38"]
[EventDate "2007.05.06"]
[EventType "swiss"]
[EventRounds "9"]
[EventCountry "ESP"]
[Source "lmi"]
[SourceDate "2007.05.06"]

1. e4 c5 2. Nc3 e6 3. Nf3 a6 4. g3 Nc6 5. Bg2 Qc7 6. O-O Nf6 7. d3 Be7 8. Ng5
b5 9. f4 b4 10. Na4 h6 11. Nh3 d5 12. e5 Nd7 13. c4 dxc4 14. dxc4 Bb7 15. Be3
Rd8 16. Qg4 O-O 17. Nf2 Nd4 18. Bxb7 Nf5 19. Qf3 Nxe3 1/2-1/2

[Event "España ch Universitario 2007"]
[Site "Cartagena ESP"]
[Date "2007.05.08"]
[Round "5.2"]
[White "Alsina Leal, Daniel"]
[Black "Ehsan, Ali"]
[Result "0-1"]
[WhiteElo "2428"]
[BlackElo "2223"]
[PlyCount "112"]
[EventDate "2007.05.06"]
[EventType "swiss"]
[EventRounds "9"]
[EventCountry "ESP"]
[Source "lmi"]
[SourceDate "2007.05.06"]

1. e4 e5 2. Nf3 Nc6 3. Bb5 Nd4 4. Nxd4 exd4 5. O-O Bc5 6. c3 c6 7. cxd4 Bxd4 8.
Ba4 Ne7 9. Nc3 O-O 10. Ne2 Bb6 11. d4 d5 12. e5 f6 13. exf6 Rxf6 14. Bg5 Rf7
15. Qd2 Qd6 16. Rae1 Ng6 17. Bc2 h6 18. Bxg6 Qxg6 19. Bf4 Bf5 20. Be5 Be4 21.
f3 Rxf3 22. Rxf3 Bxf3 23. Nf4 Qg5 24. Re3 Be4 25. Kh1 Qf5 26. Rg3 g5 27. h4 g4
28. Qe2 h5 29. Nxh5 Qxh5 30. Rxg4+ Bg6 31. Qf3 Rf8 32. Qg3 Kh7 33. Kh2 Rf5 34.
Kh3 Rxe5 35. Rxg6 Qxg6 36. Qxe5 Qd3+ 37. g3 Qxd4 38. Qf5+ Kg7 39. Qd7+ Kg6 40.
Qe8+ Kg7 41. Qe7+ Kg8 42. Qe8+ Kh7 43. Qh5+ Kg7 44. Qg5+ Kf7 45. Qh5+ Ke6 46.
Qe8+ Kd6 47. Qf8+ Ke6 48. Qe8+ Kf5 49. Qh5+ Ke4 50. Qg6+ Ke3 51. h5 Qe4 52.
Qg5+ Ke2 53. h6 Qh1+ 54. Kg4 Be3 55. Qh5 Qxh5+ 56. Kxh5 Bxh6 0-1

[Event "España ch Universitario 2007"]
[Site "Cartagena ESP"]
[Date "2007.05.08"]
[Round "5.3"]
[White "Gonzalez Somoza, Oliver"]
[Black "Perez Candelario, Manuel"]
[Result "1-0"]
[WhiteElo "2309"]
[BlackElo "2511"]
[PlyCount "97"]
[EventDate "2007.05.06"]
[EventType "swiss"]
[EventRounds "9"]
[EventCountry "ESP"]
[Source "lmi"]
[SourceDate "2007.05.06"]

1. d4 d5 2. c4 e6 3. Nf3 Nf6 4. e3 a6 5. b3 b6 6. Bd3 Bb7 7. O-O Nbd7 8. Nbd2
Be7 9. Bb2 O-O 10. Qe2 c5 11. Ne5 dxc4 12. Ndxc4 b5 13. Nxd7 Nxd7 14. Nd2 cxd4
15. Bxd4 Bf6 16. Bxf6 Nxf6 17. a4 b4 18. Rfd1 Qe7 19. e4 a5 20. Bb5 e5 21. f3
Nd7 22. Bxd7 Qxd7 23. Nc4 Qc7 24. Rac1 Ra6 25. Nd6 Rc6 26. Rxc6 Bxc6 27. Qe3
Bd7 28. Rd5 Be6 29. Qc5 Qe7 30. Rd3 Rc8 31. Qxe5 Rc1+ 32. Kf2 Qh4+ 33. Qg3 Rc2+
34. Ke3 Qh6+ 35. f4 Qh5 36. f5 Qe2+ 37. Kd4 Bd7 38. Nc4 h5 39. Kc5 Bxa4 40. f6
g6 41. Rd8+ Kh7 42. Qf4 Qf2+ 43. Qxf2 Rxf2 44. bxa4 Rxf6 45. Rd2 Rf4 46. Nxa5
Rxe4 47. Nc4 b3 48. a5 Re1 49. Rb2 1-0

[Event "España ch Universitario 2007"]
[Site "Cartagena ESP"]
[Date "2007.05.08"]
[Round "5.4"]
[White "Serna Lara, Sergio"]
[Black "Reinaldo Castineira, Roi"]
[Result "1/2-1/2"]
[WhiteElo "2251"]
[BlackElo "2452"]
[PlyCount "97"]
[EventDate "2007.05.06"]
[EventType "swiss"]
[EventRounds "9"]
[EventCountry "ESP"]
[Source "lmi"]
[SourceDate "2007.05.06"]

1. d4 e6 2. c4 c5 3. d5 exd5 4. cxd5 d6 5. Nc3 g6 6. Nf3 a6 7. a4 Bg7 8. h3 Ne7
9. e4 O-O 10. Bf4 h6 11. Be2 g5 12. Bh2 Ng6 13. O-O Qe7 14. Nd2 Nd7 15. Nc4
Nde5 16. Ne3 Nh4 17. Kh1 f5 18. exf5 Nxf5 19. Nxf5 Bxf5 20. Qd2 Qd7 21. Rae1
Rae8 22. Nd1 Qxa4 23. f4 gxf4 24. Bxf4 Kh7 25. Bxe5 Rxe5 26. Rxf5 Rexf5 27. Bd3
Kh8 28. Bxf5 Rxf5 29. Nc3 Qd7 30. Re6 Qf7 31. Ne4 Rf1+ 32. Kh2 Be5+ 33. g3 Bg7
34. h4 Kg8 35. Rxd6 Qf3 36. Qg2 Qf8 37. Re6 Rb1 38. Nc3 Rf1 39. Re8 Qxe8 40.
Qxf1 Qe3 41. Qc4 Qd4 42. Qe2 Be5 43. Kh3 Kg7 44. Qf3 b5 45. Ne2 Qxb2 46. Qg4+
Kf8 47. Qc8+ Kg7 48. Qg4+ Kf8 49. Qc8+ 1/2-1/2

[Event "España ch Universitario 2007"]
[Site "Cartagena ESP"]
[Date "2007.05.08"]
[Round "5.5"]
[White "Martinez Martin, David"]
[Black "Lopez Del Alamo, Antonio"]
[Result "1-0"]
[WhiteElo "2403"]
[BlackElo "2289"]
[PlyCount "97"]
[EventDate "2007.05.06"]
[EventType "swiss"]
[EventRounds "9"]
[EventCountry "ESP"]
[Source "lmi"]
[SourceDate "2007.05.06"]

1. d4 Nf6 2. c4 g6 3. Nc3 Bg7 4. e4 d6 5. f3 O-O 6. Be3 b6 7. Bd3 a6 8. Nge2 c5
9. d5 e6 10. a4 exd5 11. cxd5 Nh5 12. O-O f5 13. Qd2 Ra7 14. exf5 gxf5 15. Nf4
Nxf4 16. Bxf4 Raf7 17. Kh1 Qc7 18. Rac1 Nd7 19. Ne2 Qb8 20. b4 Ne5 21. Bb1 a5
22. b5 Kh8 23. Ng3 Ng6 24. Bh6 f4 25. Bxg7+ Rxg7 26. Nh5 Rgf7 27. Rc4 Bf5 28.
Qc3+ Ne5 29. Rxf4 Bxb1 30. Rxf7 Rxf7 31. Rxb1 Qg8 32. Re1 Qg6 33. Ng3 Kg8 34.
Re4 h5 35. Qe3 h4 36. Rxh4 Qb1+ 37. Qg1 Qxg1+ 38. Kxg1 Rxf3 39. Ne4 Rd3 40.
Nxd6 Rxd5 41. Nc8 Rd1+ 42. Kf2 c4 43. Ne7+ Kf8 44. Nc6 Nd3+ 45. Ke2 Rc1 46. Kd2
Rg1 47. Rxc4 Nb4 48. Rg4 Ra1 49. Nxb4 1-0

[Event "España ch Universitario 2007"]
[Site "Cartagena ESP"]
[Date "2007.05.08"]
[Round "5.6"]
[White "Lara Lopez, Jose"]
[Black "Almagro Llamas, Pablo"]
[Result "1/2-1/2"]
[WhiteElo "2173"]
[BlackElo "2394"]
[PlyCount "77"]
[EventDate "2007.05.06"]
[EventType "swiss"]
[EventRounds "9"]
[EventCountry "ESP"]
[Source "lmi"]
[SourceDate "2007.05.06"]

1. e4 c6 2. d4 d5 3. Nc3 dxe4 4. Nxe4 Bf5 5. Ng3 Bg6 6. f4 e6 7. Nf3 Nf6 8. Bd3
c5 9. f5 exf5 10. O-O Ne4 11. Re1 Be7 12. Nxf5 Bxf5 13. Bxe4 Bxe4 14. Rxe4 O-O
15. d5 Nd7 16. c4 b5 17. b3 Bf6 18. Rb1 Re8 19. Qe2 Rxe4 20. Qxe4 Qa5 21. a3
bxc4 22. bxc4 Qa4 23. Bg5 Qxa3 24. d6 Rf8 25. Qf5 Bxg5 26. Qxd7 Bf6 27. Re1 Qd3
28. Re8 g6 29. h3 Rxe8 30. Qxe8+ Kg7 31. d7 a5 32. Ne5 Qd4+ 33. Kf1 Qd1+ 34.
Kf2 Qd2+ 35. Kf3 Qd1+ 36. Ke4 Qd4+ 37. Kf3 Qd1+ 38. Ke4 Qd4+ 39. Kf3 1/2-1/2

[Event "España ch Universitario 2007"]
[Site "Cartagena ESP"]
[Date "2007.05.08"]
[Round "5.7"]
[White "Pons Carreras, David"]
[Black "Garrido Dominguez, Jesus"]
[Result "1-0"]
[WhiteElo "2240"]
[BlackElo "2347"]
[PlyCount "65"]
[EventDate "2007.05.06"]
[EventType "swiss"]
[EventRounds "9"]
[EventCountry "ESP"]
[Source "lmi"]
[SourceDate "2007.05.06"]

1. Nf3 Nf6 2. c4 g6 3. Nc3 Bg7 4. e4 d6 5. d4 O-O 6. Be2 Na6 7. O-O e5 8. d5
Nc5 9. Bg5 a5 10. Nd2 h6 11. Be3 Ne8 12. a3 f5 13. exf5 gxf5 14. f4 exf4 15.
Bxf4 Nf6 16. Qc2 Qe8 17. Rae1 Qg6 18. Bf3 Bd7 19. b4 axb4 20. axb4 Na6 21. Qb3
Ng4 22. Nb5 Ne5 23. Kh1 c5 24. dxc6 bxc6 25. Nxd6 Nxf3 26. c5+ Kh8 27. Nxf3
Rab8 28. Ne5 Bxe5 29. Bxe5+ Kh7 30. Bc3 Qg5 31. Qc4 Nc7 32. Rf3 Nd5 33. Rg3 1-0

[Event "España ch Universitario 2007"]
[Site "Cartagena ESP"]
[Date "2007.05.08"]
[Round "5.8"]
[White "Perez De Miguel, Alvaro"]
[Black "Peña Gomez, Manuel"]
[Result "0-1"]
[WhiteElo "2098"]
[BlackElo "2331"]
[PlyCount "62"]
[EventDate "2007.05.06"]
[EventType "swiss"]
[EventRounds "9"]
[EventCountry "ESP"]
[Source "lmi"]
[SourceDate "2007.05.06"]

1. d4 Nf6 2. Nf3 g6 3. c4 Bg7 4. Nc3 O-O 5. e4 d6 6. Be2 e5 7. d5 a5 8. Bg5 Na6
9. Nd2 c6 10. O-O h6 11. Bh4 g5 12. Bg3 cxd5 13. cxd5 Nc5 14. h3 Bd7 15. a4 Rc8
16. Ra3 Kh7 17. Qb1 h5 18. h4 g4 19. Nc4 Ne8 20. Nb5 Bxb5 21. axb5 a4 22. f3
Nb3 23. fxg4 hxg4 24. Qd3 f5 25. exf5 Nf6 26. Ne3 e4 27. Qb1 Qb6 28. Bf4 Bh6
29. Kh1 Bxf4 30. Nc4 Rxc4 31. Bxc4 Nd2 0-1

[Event "España ch Universitario 2007"]
[Site "Cartagena ESP"]
[Date "2007.05.08"]
[Round "5.9"]
[White "Peñalosa Pinillas, Jesus"]
[Black "Llaneza Vega, Marcos"]
[Result "0-1"]
[WhiteElo "2201"]
[BlackElo "2455"]
[PlyCount "96"]
[EventDate "2007.05.06"]
[EventType "swiss"]
[EventRounds "9"]
[EventCountry "ESP"]
[Source "lmi"]
[SourceDate "2007.05.06"]

1. e4 c5 2. Nf3 Nf6 3. Nc3 Nc6 4. d4 cxd4 5. Nxd4 e5 6. Ndb5 d6 7. Bg5 a6 8.
Na3 b5 9. Nd5 Be7 10. Bxf6 Bxf6 11. c3 Ne7 12. Nxe7 Qxe7 13. g3 O-O 14. Bg2 Be6
15. O-O Rab8 16. Nc2 a5 17. Ne3 Qd7 18. Nd5 Bd8 19. Qd2 Bb6 20. Nxb6 Rxb6 21.
a3 Rfb8 22. b4 a4 23. Rfe1 Rc8 24. Bf1 h6 25. Re3 Qb7 26. f4 Rbc6 27. f5 Bb3
28. g4 Rd8 29. Bg2 Qe7 30. Rf1 Qg5 31. f6 g6 32. Qf2 Bc4 33. h4 Qxg4 34. Rg3
Qe2 35. Rxg6+ fxg6 36. f7+ Kf8 37. Qf6 Qxg2+ 38. Kxg2 Bxf1+ 39. Kxf1 Rd7 40.
Qxg6 Rxf7+ 41. Ke2 Ke7 42. Qxh6 Rxc3 43. Qg5+ Kd7 44. Qg4+ Kc7 45. h5 Rxa3 46.
Qg8 Ra2+ 47. Ke3 Raf2 48. Qg3 a3 0-1

[Event "España ch Universitario 2007"]
[Site "Cartagena ESP"]
[Date "2007.05.08"]
[Round "5.10"]
[White "Garcia Castro, Pablo"]
[Black "Gimeno Higueras, Roberto"]
[Result "1/2-1/2"]
[WhiteElo "2379"]
[BlackElo "2198"]
[PlyCount "77"]
[EventDate "2007.05.06"]
[EventType "swiss"]
[EventRounds "9"]
[EventCountry "ESP"]
[Source "lmi"]
[SourceDate "2007.05.06"]

1. Nf3 d5 2. d3 Nf6 3. Nbd2 Nc6 4. e4 Bg4 5. Be2 dxe4 6. dxe4 e5 7. c3 Bxf3 8.
Bxf3 Bc5 9. O-O O-O 10. b4 Bb6 11. Qc2 h6 12. Nc4 Qe8 13. a4 Qe6 14. Be2 a6 15.
Nxb6 cxb6 16. f3 Rac8 17. Qa2 Nd8 18. Bd2 Qxa2 19. Rxa2 Ne6 20. g3 Rfd8 21. Rd1
Rc6 22. Be1 Rcd6 23. Rad2 Ne8 24. Bc4 Rxd2 25. Rxd2 Rxd2 26. Bxd2 Nd6 27. Bxe6
fxe6 28. Kf2 Nc4 29. Bc1 b5 30. axb5 axb5 31. h4 Kf7 32. h5 Kf6 33. Ke2 Kf7 34.
Be3 Kf6 35. Ba7 Kg5 36. g4 g6 37. hxg6 Kxg6 38. Bf2 h5 39. gxh5+ 1/2-1/2